Statistics for 10 Largest Cities in North Dakota🦬

Click here to take the quiz!

General Stats

  • This quiz has been taken 12 times
  • The average score is 7 of 10

Answer Stats

PopulationCity% Correct
73,321Bismark
100%
124,979Fargo
100%
58,867Grand Forks
82%
48,005Minot
82%
27,368Williston
73%
24,851Dickinson
64%
37,913West Fargo
64%
23,784Jamestown
55%
23,784Mandan
45%
7,928Wahpeton
27%

Score Distribution

Percentile by Number Answered

Percent of People with Each Score

Your Score History

You have not taken this quiz